000 00710nam a2200229 a 4500
999 _c5655
_d5655
001 5655
003 BD-JhCC
005 20221124134023.0
008 171126s2016 bg |||| ||a| 000 0 ben d
020 _a9840726919
035 _a(BD-JhCC)5655
040 _aBD-JhCC
_dBD-JhCC
041 _aben
082 _a891.4435
_bRIF 2016
100 _aরিফাত, ফেরদৌস জামান
245 _aদুই দুই তিন শূণ্য /
_cফেরদৌস জামান রিফাত
260 _aঢাকা :
_bইন্তামিন প্রকাশন,
_c2016.
300 _a79 p. :
_c21 cm.
650 _aBengali Short Stories
942 _2ddc
_cBK
_027